Sandkühler, Thomas. "Endlösung" in Galizien. - Bonn : Dietz. - 1996 [Rezension]

Titel: Sandkühler, Thomas. "Endlösung" in Galizien. - Bonn : Dietz. - 1996 [Rezension]
Verfasser:
In: Inter finitimos. Beiheft = Zeszyt specjalny, Heft 13 (1998), Seite 36-40
alle Artikel anzeigen
Veröffentlicht: 1998
Format: Aufsatz
Sprache: Deutsch
Kein Bild verfügbar
X
alg: 39501644
001A    $01999:12-11-16 
001B    $01999:04-08-21 $t21:02:12.000 
001D    $01999:12-11-16 
001U    $0utf8 
001X    $00 
002@    $0Aox 
003@    $0395016444 
007A    $0395016444 $aHEB 
007T    $0Herd09790 
010@    $ager 
011@    $a1998 
021A    $aSandkühler, Thomas. "Endlösung" in Galizien. - Bonn : Dietz. -  1996 [Rezension] 
028A    $#Rydel, Isabel Röskau- $#Röskau, Isabel $71048648370 $8Röskau-Rydel, Isabel$Z1959- [Tp1] $9337937982 
031A    $e13 $h36-40 $j1998 
039B    $aIn $8--Abvc--. Inter finitimos. Beiheft = Zeszyt specjalny. - Marburg : Herder Inst., 1998-2000. - ISSN 1615-0597 $x199800000000013964 $9072373210 
039T    $8--Aau--Sandkühler, Thomas$Z1962- [Tp3]. "Endlösung" in Galizien. - Bonn : Dietz, 1996. - 592 S.. - Ill., Kt.. - ISBN 3-8012-5022-9 $905017228X 
045F    $a900.9437 $eDDC23BSB 
045F/01 $a900 
045F/03 $g437 
045F/03 $g438 

lok: 39501644 78

exp: 39501644 78 1 #EPN
201B/01 $018-11-16 $t13:29:43.000 
201U/01 $0utf8 
203@/01 $0791315053 
208@/01 $a12-11-16 $be 
209A/01 $a/ $f000 $x00 
220C/01 $aTitelaufnehmer: ej 
244Z/01 $2Trx $#Poola $#Lenkija $#Polija $#Polen Land $#Poland $#Lengyelország $#Poľsko $#Polsko $8--Trx--Polska$gkraj $x01 $9391345966 
244Z/01 $2Trx $#Kesk- ja Ida- Euroopa kontseptsioonid $#Vidurio Europos koncepcijos $#East-Central Europe $#Keletközépeurópa-eszmék $#Europa Środkowo-Wschodnia koncepcje $#Európa stredovýchodná koncepcie $#Evropa střední, východní část koncepce $#Mitteleuropa $#Osteuropakonzeptionen $#Europa Środkowa koncepcje $#Stredná Európa koncepcie $#Střední Europa koncepce $8--Trx--Ostmitteleuropakonzeptionen $x02 $9391364286 
244Z/01 $2Trx $#arvustused $#recenzijos $#Reviews $#recenziók $#recenzje $#recenzie $#recenze $8--Trx--Rezensionen $x03 $9391357441 
247C/01 $82080>Marburg/Lahn, Herder-Institut, Forschungsbibliothek, Bibliographieportal $9336309341
LEADER 00000caa a22000002c 4500
001 395016444
003 DE-603
005 20210804210212.0
007 tu
008 161112s1998 xx |||| | u00||u|ger c
035 |a (DE-599)HEB395016444 
040 |a DE-603  |b ger  |c DE-603  |d DE-603 
041 |a ger 
082 0 4 |8 1\u  |a 900.9437  |q DE-101  |2 23/BSB 
085 |8 1\u  |b 900 
085 |8 1\u  |z 2  |s 437 
085 |8 1\u  |z 2  |s 438 
100 1 |a Röskau-Rydel, Isabel  |d 1959-  |0 (DE-603)337937982  |0 (DE-588)1048648370  |2 gnd 
245 0 0 |a Sandkühler, Thomas. "Endlösung" in Galizien. - Bonn : Dietz. - 1996 [Rezension] 
264 0 |c 1998 
773 0 8 |i In  |t Inter finitimos. Beiheft = Zeszyt specjalny  |d Marburg : Herder Inst., 1998-2000  |x 1615-0597  |g Heft 13 (1998), Seite 36-40  |w (DE-603)072373210  |w (DE-600)1473311-0 
787 0 8 |i Rezension von  |a Sandkühler, Thomas, 1962-  |t "Endlösung" in Galizien  |d Bonn : Dietz, 1996  |h 592 S., Ill., Kt.  |z 3801250229  |w (DE-603)05017228X 
924 0 |9 2080  |a (DE-603)791315053  |b DE-2080  |c HES  |d d  |g /